| 000 | 00748nam a22002657a 4500 | ||
|---|---|---|---|
| 001 | BR2013004847 | ||
| 003 | BR-BrBNA | ||
| 005 | 20230928104213.0 | ||
| 007 | ta | ||
| 008 | 230509b bl.||||| |||| 00| 0 por d | ||
| 040 |
_aBR-BrBNA _bpor _cBiblioteca Nacional de Agricultura |
||
| 041 | _a(Por) | ||
| 072 |
_aQ03 _b9725 |
||
| 090 | _ 9725 BR2013004847 | ||
| 100 | 1 | _aFranco, R.M. | |
| 245 | 1 | _aColiformes e enterococos em charque | |
| 260 | 3 |
_aNiterói, RJ (Brasil): _c1983. |
|
| 300 | _a121 p. | ||
| 500 | _aBibliography p. 115-121; Summary (Por); 4 illus.; 9 graphs.; 38 tables | ||
| 650 | _aCHARQUE | ||
| 650 | _aHIGIENE VETERINÁRIA | ||
| 650 | _aMICROBIOLOGIA DE ALIMENTO | ||
| 909 |
_a202309 _bLucia _c55 _dLucia Elande |
||
| 942 | _cBK | ||
| 999 |
_c78671 _d78671 |
||